Expert systems in reference services

Bibliographic Details
Other Authors: Royston, Christine, White, Howard D
Format: Book
Published: New York he Haworth Press , 1989
Subjects:

MARC

LEADER 00000cam a2200000 7i4500
001 0000001997
002 000002177
005 20000330.0
020 |a 0866568395 
090 0 0 |a 025.520285   |b EXP 
245 0 0 |a Expert systems in reference services   |c edited by Christine Roysdon and Howard D. White 
260 |a New York he Haworth Press ,   |c 1989 
300 |a 238p. ;   |c 22 cm. 
650 0 0 |a Expert systems(Computer science)   |x Library appli cations 
700 1 |a Royston, Christine 
700 1 |a White, Howard D 
999 |a 033754   |b BUKU   |c RUJUKAN   |e PERPUSTAKAAN KOMUNITI PETALING JAYA